000 00883cab a2200265 4500
001 WB3132-56
008 090401t1995 xxu||||| |||| 00| 0 eng d
035 _a(Sirsi) u57415
041 _aeng
245 _aLosses and closures for estate agents
260 _c1995
350 _a0
490 _aFinancial Times
_v23 August 1995, 1,14&17(1)
520 _aHambro Countrywide estate agents announced a £12.6m loss in the first half of 1995 while Bristol and West building society announced plans to sell a third of its estate agency, Hamptons.
650 _aBRISTOL AND WEST BUILDING SOCIETY
650 _aBUILDING SOCIETIES
650 _aESTATE AGENTS
650 _aHAMBRO COUNTRYWIDE
650 _aHOUSING MARKET
650 _aPROFITS
650 _aRECESSION
690 _aMANAGEMENT-BUSINESS MANAGEMENT-PROFESSIONAL PRACTICE
942 _n0
948 _c04/03/1997
999 _c35007
_d35007